| 000 | 00419nam a2200157 a 4500 | ||
|---|---|---|---|
| 005 | 20140310183203.0 | ||
| 008 | 030124s19uu xx 00 eng d | ||
| 050 |
_aPZ 7 _b.H368Ti 1956 |
||
| 100 | _aHeinlein, Robert A. | ||
| 245 |
_aTime for the stars / _cRobert A. Heinlein. |
||
| 260 |
_aUSA : _bRobert A.Heinlein, _c1956. |
||
| 300 |
_a188 p. : _c18 cm. |
||
| 650 | _aFiction | ||
| 942 |
_cBK _2lcc |
||
| 999 |
_c19901 _d19901 |
||